| 000 | 00780nam a22002177a 4500 | ||
|---|---|---|---|
| 999 |
_c13191 _d13191 |
||
| 003 | AR-CdUCM | ||
| 008 | 190411b ||||| |||| 00| 0 spa d | ||
| 040 |
_aMUNICIPALIDAD PROVINCIAL DEL CUSCO _cBIBLIOTECA MUNICIPAL DEL CUSCO |
||
| 082 |
_a333.974 / _bR68 / 1934 |
||
| 100 |
_aRiva Palacio, Carlos _931429 |
||
| 245 | _aLa cuestión agraria Mexicana : | ||
| 260 |
_aMexico : _bP.N.R., _c1934. |
||
| 300 |
_a321 páginas ; _c22.5 cm. |
||
| 505 | _aEl ejido desde el punto de vista político -- El ejido y la agricultura nacional -- La universidad frente a los problemas campesinos... | ||
| 650 |
_aEjido. _931430 |
||
| 650 |
_aProblema agrario. _911148 |
||
| 650 |
_aCampesino mexicano. _931431 |
||
| 650 |
_aCampo. _930997 |
||
| 942 |
_2ddc _cLIBROS |
||
| 945 |
_awfj _d2019-04-11 |
||